000 00808nam a22002417a 4500
005 20230504132601.0
008 230504b mx |||||||| |||| 00| 0 spa d
020 _a9789685852111
020 _a9685852111
050 0 4 _aTS171.4
_bG37 2008
100 1 _aGarcía Parra, Brenda.
245 1 0 _aEcodiseño
_b: Nueva herramienta para la sustentabilidad
_c/ Brenda García Parra.
250 _a1a ed.
260 _aMéxico :
_bDesignio,
_c2008.
300 _a82 p. ;
_c21 cm.
_e+ 1 cd-rom (4 3/4 plg.)
490 0 _aDesignio Libros de Diseño.
490 0 _aColección Temas.
504 _aIncluye bibliografía.
650 7 _2lemb
_aDiseño industrial
_xAspectos ambientales
650 7 _2lemb
_aDiseño industrial
_xInnovaciones tecnológicas
650 7 _2lemb
_aProductos ecológicos
942 _2lcc
_cLIB
999 _c56041
_d56041